| 000 | 00895cam a2200229 4500 | ||
|---|---|---|---|
| 001 | WB3543-18 | ||
| 008 | 000000n1999 000 0 eng u | ||
| 035 | _a(Sirsi) u101402 | ||
| 245 | _aSignals on green for a bumper year | ||
| 260 | _c1999 | ||
| 490 |
_aEstates Gazette _v(9943) 30 October 1999, 52(1) |
||
| 520 | _aA poll of agents, fund managers and stockbrokers for Investment Property Forum predicts that property will have a 13.2% total return in 1999, comfortably ahead of 1998's 11.8%. Includes table giving forecasts for rental value growth, capital growth and total return. | ||
| 590 | _aWB | ||
| 650 | _aINVESTMENT PROPERTY | ||
| 650 | _aPROPERTY RETURNS | ||
| 650 | _aFORECASTS | ||
| 650 | _aPREDICTIONS | ||
| 650 | _aRENTAL VALUE GROWTH | ||
| 650 | _aCAPITAL GROWTH | ||
| 690 | _aPROPERTY-COMMERCIAL PROPERTY-COMMERCIAL PROPERTY FINANCE AND INVESTMENT | ||
| 942 | _n0 | ||
| 999 |
_c60546 _d60546 |
||